000 00555nam a2200205Ia 4500
005 20260429112104.0
008 260429s9999||||xx |||||||||||||| ||und||
020 _a9781032414102
041 _aEnglish
082 _a330.019
_bCAR
100 _aCartwright, Edward
245 0 _aBehavioral economics /
_cEdward Cartwright
250 _a4th ed.
260 _aLondon :
_bRoutledge,
_c2024.
300 _axxxii, 577 p.; pbk
440 _aRoutledge advanced texts in economics and finance
650 _a Behavior
650 _aEconomics
942 _cTB
999 _c52293
_d52293